Départements Limitrophes Du Cher - Statistiques

Statistiques générales
  • Ce quiz a été pris 60 fois
  • Le résultat moyen est 5 sur 6
Statistiques - réponses
Départements % Correct
Loiret
100%
Indre
96%
Loir-et-Cher
89%
Allier
88%
Nièvre
88%
Creuse
75%
Aucun quiz correspondant
Distribution des résultats
% des personnes avec chaque résultat
Percentile par nombre de réponses
Votre historique - résultats
Vous n’avez pas pris ce quiz